000 01186nam a2200385 i 4500
001 41552
003 KOSZ 005
005 20221213141851.0
008 020705s2002 pl a f f |000 0 pol
015 _aPB 2002/11282
020 _a837251254X
040 _aWA N
_cWA N
_dKOSZ 005/HR
046 _k2002
080 _a658.1/.5
080 _a659.1
080 _a(075.8)
100 1 _aNowacki, Robert
_eAutor
245 1 0 _aReklama w przedsiębiorstwie /
_cRobert Nowacki, Marian Strużycki.
260 _aWarszawa :
_b"Difin",
_c2002.
300 _a265 s. :
_bil. ;
_c23 cm.
336 _2rdacontent
_aTekst
_btxt
337 _2rdamedia
_aBez urządzenia pośredniczącego
_bn
338 _2rdacarrier
_aWolumin
_bnc
380 _aKsiążki
388 _a2001-
504 _aBibliogr.
650 4 _aPrzedsiębiorstwo
650 4 _aReklama
655 4 _aPodręczniki akademickie
658 _aZarządzanie i marketing
700 1 _aStrużycki, Marian
_d(1930- )
_eAutor
710 2 _aDifin
_4pbl.
856 _uhttp://koha.tu.koszalin.pl/cgi-bin/koha/opac-detail.pl?biblionumber=41552
_yKatalog online BPK
942 _2UKD
_cKS
999 _c41552
_d41552